000
003310000a22001450004500
020
_a
84-206-1614-1
041
0
_a
SPA
082
0
4
_a
G 863 B7325a
100
1
_a
Borges, Jorge Luis (1899-1986)
245
1
0
_a
Discusión / Jorge Luis Borges
260
_a
Madrid, España : Alianza
300
_a
152 Pag
001
11010
942
_c
BK
999
_c
40383
_d
40383